| 000 | 00596nam a2200193 a 4500 | ||
|---|---|---|---|
| 001 | 12979 | ||
| 003 | CO-ViMGA | ||
| 008 | 141112s2004 ck r 000 u spa d | ||
| 020 | _a9589075576 | ||
| 040 |
_aCO-ViMGA _bspa _cCO-ViMGA |
||
| 082 | 0 | 4 | _aR016.86 C397L |
| 110 |
_aCentro de Información Literatura de América Latina - CILAL _918925 |
||
| 245 | 1 | 0 | _aLista Básica de obras de Literatura Latinoaméricana |
| 260 |
_aMedellín : _bBiblioteca Pública Piloto, _c1996 |
||
| 300 | _a160p. | ||
| 650 | 1 | 4 |
_aBIBLIOGRAFIAS _915394 |
| 650 | 1 | 4 |
_aLITERATURA Latinoaméricana _91083 |
| 942 |
_2ddc _cBK |
||
| 999 |
_c23878 _d23878 |
||